| 000 | 00990nam a2200289 i 4500 | ||
|---|---|---|---|
| 001 | 000033547 | ||
| 003 | DO-SdBNP | ||
| 005 | 20240826132738.0 | ||
| 007 | ta | ||
| 008 | 100730s1978 dr 001 0 spa d | ||
| 040 |
_aDO-SdBNP _bspa _cBNPHU _erda |
||
| 082 | 4 |
_a016.7293 _bA636b _222 |
|
| 110 | 2 |
_aBiblioteca Nacional (República Dominicana) _911708 |
|
| 245 | 1 | 0 | _aAnuario bibliográfico dominicano. |
| 264 | 1 |
_aSanto Domingo : _bBiblioteca Nacional, _c1978 |
|
| 300 |
_aix, ,319 páginas ; _c22 cm. |
||
| 336 |
_atexto _btxt _2rdacontent |
||
| 337 |
_asin mediación _bn _2rdamedia |
||
| 338 |
_avolumen _bnc _2rdacarrier |
||
| 500 | _aIncluye índice de autores y tabla de materias. | ||
| 500 | _aIncluye bibliografía y notas al pie de páginas. | ||
| 590 | _aInventariado 2024 / MF | ||
| 650 | 4 |
_aRepública Dominicana _vAnuarios _986230 |
|
| 650 | 4 |
_aRepública Dominicana _xBibliografías _yCatálogos _983337 |
|
| 910 | _aValidado. control de calidad/MAA | ||
| 942 |
_2ddc _cLBS1 |
||
| 999 |
_c33038 _d33038 |
||